| 000 | 01500cam a22003251i 4500 | ||
|---|---|---|---|
| 003 | SA-RiAUC | ||
| 005 | 20250506081907.0 | ||
| 008 | 250427s1992 ua g b 001 0 ara c | ||
| 040 |
_aSA-JeALM _bara _cSA-RiAUC _erda |
||
| 082 | 0 | 4 | _a257.1 |
| 090 |
_a257.1 _bد م ن |
||
| 100 | 1 |
_aالدمنهوري، أحمد بن عبد المنعم بن يوسف، _d1101-1192 هجري _eمؤلف. |
|
| 245 | 1 | 2 |
_aالنفع الغزير في صلاح السلطان والوزير / _cأحمد بن عبد المنعم الدمنهوري ؛ تحقيق ودراسة وتعليق فؤاد عبد المنعم أحمد. |
| 250 | _aالطبعة الأولى. | ||
| 264 | 1 |
_aالإسكندرية، مصر : _bمؤسسة شباب الجامعة، _c1992 |
|
| 300 |
_a95 صفحة ؛ _c24 سم. |
||
| 336 |
_aنص _btxt _2rdacontent _3كتاب |
||
| 337 |
_aبدون وسيط _bn _2rdamedia |
||
| 338 |
_aمجلد _bnc _2rdacarrier |
||
| 490 | 0 | _aمن التراث السياسي الإسلامي | |
| 500 | _aيشتمل على كشافات. | ||
| 500 | _aإهداء من المحقق فؤاد عبدالمنعم أحمد. | ||
| 504 | _aببليوجرافية : صفحة 85-93. | ||
| 650 | 7 |
_aالنظام السياسي في الإسلام _2aucsh |
|
| 650 | 7 |
_aالأحكام السلطانية _2aucsh |
|
| 650 | 7 |
_aالإسلام والسياسة _2aucsh |
|
| 700 | 1 |
_aأحمد، فؤاد عبد المنعم، _d1941- _eمحقق. |
|
| 942 |
_2ddc _cBOOK _n0 |
||
| 949 |
_aSA-JeALM _d250427 _umohamedma123 _n1 |
||
| 999 |
_c7651 _d7651 |
||